عرض عادي عرض مارك
  • Yassin, Gada.

مدخل إسم شخص

عدد التسجيلات المستخدمة في: 1

001 - رقم الضبط

  • حقل الضبط: 36110

003 - معرف رقم الضبط

  • حقل الضبط: OSt

005 - تاريخ ووقت أخر عملية

  • حقل الضبط: 20130622150111.0

008 - عناصر بيانات ثابتة الطول

  • حقل تحكم ثابت الطول: 130622|||a|||||| | ||| d

040 ## - مصدر الفهرسة

  • هيئة الفهرسة الأصلية: OSt
  • وكالة الكتابة: OSt

100 ## - مدخل -- أسم شخص

  • إسم شخص: Yassin, Gada.
  • عنوان العمل: Pharmacology.

670 ## - بيانات المصدر موجوده

  • الاستشهاد بالمصدر: Work cat.: (OSt)0: Battista, Elisabetta. 36108, Pharmacology /, 2011.